चला पक्ष्यांच्या दुनियेत (Record no. 493965)
[ view plain ]
| 000 -LEADER | |
|---|---|
| fixed length control field | 00544nam a22001697a 4500 |
| 003 - CONTROL NUMBER IDENTIFIER | |
| control field | OSt |
| 005 - DATE AND TIME OF LATEST TRANSACTION | |
| control field | 20120302151201.0 |
| 008 - FIXED-LENGTH DATA ELEMENTS--GENERAL INFORMATION | |
| fixed length control field | 091006t xxu||||| |||| 00| 0 eng d |
| 035 ## - SYSTEM CONTROL NUMBER | |
| System control number | १५०११ |
| 040 ## - CATALOGING SOURCE | |
| Transcribing agency | मराठी |
| 100 ## - MAIN ENTRY--PERSONAL NAME | |
| Personal name | महाबळ, अनिल |
| 9 (RLIN) | 9168 |
| 222 ## - KEY TITLE | |
| Key title | पक्षी/ पक्षी निरीक्षण |
| 245 ## - TITLE STATEMENT | |
| Title | चला पक्ष्यांच्या दुनियेत |
| 260 ## - PUBLICATION, DISTRIBUTION, ETC. (IMPRINT) | |
| Place of publication, distribution, etc | पुणे |
| Name of publisher, distributor, etc | जयदीप |
| 300 ## - PHYSICAL DESCRIPTION | |
| Other physical details | ४० पाने |
| 942 ## - ADDED ENTRY ELEMENTS (KOHA) | |
| Source of classification or shelving scheme | Dewey Decimal Classification |
| Koha item type | Book |
| Withdrawn status | Lost status | Source of classification or shelving scheme | Damaged status | Not for loan | Home library | Current library | Date acquired | Cost, normal purchase price | Total Checkouts | Full call number | Barcode | Date last seen | Price effective from |
|---|---|---|---|---|---|---|---|---|---|---|---|---|---|
| Dewey Decimal Classification | Dr. Bedekar Vidya Mandir Library | Dr. Bedekar Vidya Mandir Library | 10/06/2009 | 0.00 | M598.072 34/MAH | 15011 | 03/19/2010 | 03/19/2010 |